000 00761nam a2200277Ia 4500
001 17019
003 IT-RoPAU
008 130308s9999 xx 000 0 und d
040 _aIT-RoPAU
040 _cIT-RoPAU
041 _aITALIANO
100 _aPrandi Carlo
100 _gCodice Aut. SPICS: 2364
245 _aFolklore dei ceti popolari (Il)
245 _bUn Dibattito nelle Scienze Antropologiche
250 _a1a ed.
260 _bs.e. (senza Editrice o non identificata)
260 _c1974 [1° Ed.:1974 - Ed.Ling.Originale:1974]
300 _a"2 p. (prefazione: no ; testo: 2 [pagine: 72-73])"
650 _aSAGGI DI ANTROPOLOGIA
650 _eCodice materia Spics: 3507
942 _cBK
957 _71
999 _c41959
_d41959
999 _bSI
999 _g1